Spatio Temporal Decomposition of Bioelectrical Brain Signals (Record no. 8817)

000 -LEADER
fixed length control field 00489 a2200157 4500
020 ## - INTERNATIONAL STANDARD BOOK NUMBER
International Standard Book Number 9783832272906
082 ## - DEWEY DECIMAL CLASSIFICATION NUMBER
Classification number 616.804
090 ## - LOCALLY ASSIGNED LC-TYPE CALL NUMBER (OCLC); LOCAL CALL NUMBER (RLIN)
-- 4940
-- 4940
100 ## - MAIN ENTRY--PERSONAL NAME
Personal name Muhammad Naeem
245 ## - TITLE STATEMENT
Title Spatio Temporal Decomposition of Bioelectrical Brain Signals
Statement of responsibility, etc. Muhammad Naeem
260 ## - PUBLICATION, DISTRIBUTION, ETC.
Place of publication, distribution, etc. Germany:
Name of publisher, distributor, etc. Shaker Veriag,
Date of publication, distribution, etc. 2008.
300 ## - PHYSICAL DESCRIPTION
Extent xix, 98 p. :
Other physical details ill. ;
Dimensions 24 cm.
500 ## - GENERAL NOTE
General note Includes bibliographical references and index
650 ## - SUBJECT ADDED ENTRY--TOPICAL TERM
Topical term or geographic name entry element Brain Electric Propertics.
942 ## - ADDED ENTRY ELEMENTS (KOHA)
Koha item type Book
Call number prefix 616.804 NAE
Holdings
Withdrawn status Lost status Damaged status Not for loan Collection code Permanent Location Current Location Shelving location Date acquired Source of acquisition Cost, normal purchase price Total Checkouts Full call number Barcode Date last seen Price effective from Koha item type
          Central Library (CL) Central Library (CL) General Stacks 03/13/2009 Donation 0.00   616.804 NAE SEECS009323 06/17/2015 01/05/2017 Book
© 2023 Central Library, National University of Sciences and Technology. All Rights Reserved.